|
|
|
|
| LEADER |
00000cam a2200000 4500 |
| 001 |
vtls012268292 |
| 003 |
SK-MaSNL |
| 005 |
20260427162154.0 |
| 008 |
241211s2024 xo g 000 f slo |
| 015 |
|
|
|a SNBA2026/04
|
| 020 |
|
|
|a 9788056642450
|q (súbor ;
|q brožované)
|
| 040 |
|
|
|a SNK
|b slo
|c SNK
|e rda
|
| 041 |
1 |
|
|a slo
|h pol
|
| 044 |
|
|
|a xo
|c SK
|
| 072 |
|
7 |
|a 821.162.1
|x Poľská literatúra
|2 konspekt
|
| 080 |
|
|
|a 821.162.1-31
|2 2011
|
| 080 |
|
|
|a 82-312.9
|2 2011
|
| 100 |
1 |
|
|a Sapkowski, Andrzej,
|d 1948-
|4 aut
|9 211771
|
| 240 |
1 |
0 |
|a Ostatnie życzenie
|l Slovensky
|
| 245 |
1 |
0 |
|a Zaklínač
|n 1
|p Posledné želanie
|c Andrzej Sapkowski ; z poľštiny preložil Karol Chmel
|
| 246 |
3 |
0 |
|a Posledné želanie
|
| 250 |
|
|
|a Tretie slovenské vydanie
|
| 264 |
|
1 |
|a Bratislava
|b Lindeni
|c 2024
|
| 300 |
|
|
|a 356 strán
|c 20 cm
|
| 336 |
|
|
|a text
|b txt
|2 rdacontent
|
| 337 |
|
|
|a bez média
|b n
|2 rdamedia
|
| 338 |
|
|
|a zväzok
|b nc
|2 rdacarrier
|
| 500 |
|
|
|a Vydalo vydavateľstvo Lindeni v spoločnosti Albatros Media Slovakia, s.r.o.
|
| 500 |
|
|
|a Vložené v kartónovom obale spoločne všetkých 8 dielov s rovnakým ISBN + vložená 1 mapa a poďakovanie autora čitateľom
|
| 500 |
|
|
|a Na kartónovom obale uvedené: Špeciálna zberateľská edícia
|
| 500 |
|
|
|a Publikácia má ilustrovanú oriezku
|
| 655 |
|
7 |
|a poľské romány
|2 SNKPH
|9 70521
|
| 655 |
|
7 |
|a fantasy romány
|2 SNKPH
|9 121434
|
| 655 |
|
7 |
|a Poland novels
|2 SNKPHeng
|9 299162
|
| 655 |
|
7 |
|a Fantasy novels
|2 SNKPHeng
|9 248525
|
| 700 |
1 |
|
|a Chmel, Karol,
|d 1953-
|4 trl
|9 105159
|
| 700 |
1 |
|
|a Hříbal, František,
|d 1986-
|4 bjd
|9 8643
|
| 710 |
2 |
|
|a Albatros Media Slovakia.
|b Lindeni
|4 pbl
|9 193326
|
| 787 |
0 |
8 |
|i Zo série:
|t Zaklínač
|g 1
|
| 852 |
|
|
|a Slovenská národná knižnica
|
| 919 |
|
|
|a 978-80-566-4245-0
|
| 954 |
|
|
|a beletria cudzojazyčná (svetová)
|2 lita
|
| 958 |
|
|
|a LX
|
| 958 |
|
|
|a UP
|
| 958 |
|
|
|a PM
|
| 968 |
|
|
|b POL
|
| 999 |
|
|
|c 578917
|d 580847
|
| 952 |
|
|
|t 1
|a SNK
|b SNK
|y NEVYP
|7 1
|p 17A1581142
|o snkSD 93759/1
|i snk2025/16435
|8 0
|3 + 1 mapa a poďakovanie autora
|0 0
|1 0
|2 udc
|4 0
|d 2025-10-15
|l 0
|r 2026-02-23 14:42:00
|w 2026-02-23
|
| 952 |
|
|
|t 2
|a SNK
|b SNK
|y VYP
|7 0
|p 17A1581150
|o snkSD 93759/1 D1
|i snk2025/16437
|8 0
|3 + 1 mapa a poďakovanie autora
|0 0
|1 0
|2 udc
|4 0
|d 2025-10-15
|l 0
|r 2026-02-23 14:42:00
|w 2026-02-23
|
| 952 |
|
|
|t 1
|a SNK
|b SNK
|y NEVYP
|7 1
|p 17A1581143
|o snkSD 93759/príl.1
|i snk2025/16435
|8 0
|z Príloha 1 mapa a poďakovanie autora (patrí k celému súboru)
|0 0
|1 0
|2 udc
|4 0
|d 2025-10-15
|l 0
|r 2026-02-23 14:42:00
|w 2026-02-23
|
| 952 |
|
|
|t 2
|a SNK
|b SNK
|y VYP
|7 0
|p 17A1581158
|o snkSD 93759/príl.1 D1
|i snk2025/16437
|8 0
|z Príloha 1 mapa a poďakovanie autora (patrí k celému súboru)
|0 0
|1 0
|2 udc
|4 0
|d 2025-10-15
|l 0
|r 2026-02-23 14:42:00
|w 2026-02-23
|
| 952 |
|
|
|t 1
|a SNK
|b SNK
|y NEVYP
|7 1
|p 17A1509597
|o snkSD 93759/1/príl.2
|i snk2025/16435
|8 0
|g 0.00
|3 príloha: 1 karta-poďakovanie autora
|0 0
|1 0
|2 udc
|4 0
|d 2026-04-28
|l 0
|r 2026-04-28 09:21:00
|w 2026-04-28
|
| 952 |
|
|
|t 2
|a SNK
|b SNK
|y VYP
|7 0
|p 17A1509598
|o snkSD 93759/1/príl.2 D1
|i snk2025/16437
|8 0
|3 príloha: 1 karta - poďakovanie autora
|0 0
|1 0
|2 udc
|4 0
|d 2025-10-15
|l 0
|r 2026-04-28 10:00:57
|w 2026-02-23
|